LEADER 01192nam a2200229 4500 001 000000341256 003 CaOOAMICUS 005 20200724132343.0 008 200724s1819 it 000 u ita r 026 $afoLa e-se o.M. trCo (3) 1819 (R) 040 $aSeMil$bita 245 00$aTomo 1. Parte 2. 264 1$aPisa :$bpresso Sebastiano Nistri,$c1819. 300 $a345, [3] p. ;$c8° 500 $aSegn.: [1]? 2-21? 22? 700 11$aThomas, Robert,$d<1753-1835>.$0(OLS)http://semarc/name/111810 773 0 $aThomas, Robert <1753-1835>$tNuovo trattato di medicina pratica esibente i caratteri, le cause, i sintomi, il prognostico, i resultati patologici, e il miglior metodo di cura per le malattie di tutti i climi di Roberto Thomas m.d.$dPisa : presso Sebastiano Nistri, 1818-1824.$bTradotto sulla quinta edizione inglese, rivista, e considerevolmente accresciuta dall'autore$g1.2$w()341254 850 $aSeMil 852 $aSeMil$W1$xVenegono$y1$m3XB III 22 FA$j219997$B232233$CSeMilBibl$Z2$F232233 $8I 996 $6245$aTomo 1. Parte 2$9(OLS)http://semarc/title/296918 996 $6264$aPisa :$bpresso Sebastiano Nistri$9(OLS)http://semarc/publisher/37204 LEADER 01633nam a2200277 i 4500 001 000000031203 003 CaOOAMICUS 005 20230302125903.0 008 180830s1732 ne u000 u fre u 040 $aSeMil$bita 100 1 $aPictet, Bénédict,$d<1655-1724>.$0(OLS)http://semarc/name/14431 245 10$aHistoire de l'eglise et du monde, pour servir de continuation à l'histoire de l'eglise et de l'empire, de mr. Le Sueur avec quelques courtes dissertations et reflexions critique, par Benedict Pictet ... Tome 1. [-3.]. 260 $aA Amsterdam :$bChez Pierre Mortier,$c1732. 300 $a3 v. ;$c4°. 500 $aIniz. e fregi xilogr. 500 $aMarca sui front. stampati in rosso e nero 500 $aTesto su due colonne 650 4$aChiesa - Storia.$0(OLS)http://semarc/subject/8 700 1 $aLe Sueur, Jean.$0(OLS)http://semarc/name/14432 700 1 $aMortier, Pieter$b<1.,$cEditore,$d1704-1754>.$0(OLS)http://semarc/name/11777 774 0 $tTome premier, contenant l'histoire de l'11. siecle.$g1$w()237485 774 0 $tTome second, contenant l'histoire des 50 premieres annees du 12. siecle.$g2$w()237487 774 0 $tTome troisieme, contenant l'histoire des 50 dernieres années du 12. siecle.$g3$w()237486 996 $6245$aHistoire de l'eglise et du monde, pour servir de continuation à l'histoire de l'eglise et de l'empire, de mr. Le Sueur avec quelques courtes dissertations et reflexions critique, par Benedict Pictet ... Tome 1. [-3.]$9(OLS)http://semarc/title/42459 996 $6260$aA Amsterdam :$bChez Pierre Mortier$9(OLS)http://semarc/publisher/38828